Julien Lieb - Autrement [paroles] - Statistiques

Statistiques générales
  • Ce quiz a été pris 24 fois
  • Le résultat moyen est 72 sur 106
Statistiques - réponses
Réponse % Correct
a
100%
à
100%
autrement
100%
avait
100%
le
100%
les
100%
mots
100%
on
100%
se
100%
seul
100%
seulement
100%
si
100%
choses
94%
de
94%
dit
94%
je
94%
“je
94%
s’était
94%
te
94%
c’est
88%
dans
88%
en
88%
et
88%
eu
88%
ai
82%
des
82%
il
82%
j’ai
82%
mes
82%
non
82%
nous
82%
que
82%
un
82%
foutre”
76%
“j’en
76%
mais
76%
perd
76%
peu
76%
rien
76%
temps
76%
y
76%
cherche
71%
même
71%
nos
71%
pas
71%
perdu
71%
souvenirs
71%
transforment
71%
encore
65%
flou
65%
histoire
65%
lève
65%
normal
65%
notre
65%
parce
65%
part
65%
quelque
65%
qui
65%
sincèrement
65%
soleil
65%
ton
65%
vent
65%
vu
65%
doutes
59%
du
59%
faire
59%
faut
59%
garde
59%
jour
59%
mal
59%
non-dits
59%
regard
59%
tes
59%
tu
59%
bon
53%
comprennes
53%
échecs
53%
j’aimerais
53%
larmes
53%
parler
53%
pierre
53%
s’en
53%
t’aime”
53%
trop
53%
viens
53%
aveux
47%
parfum
47%
plus
47%
rêve
47%
semblant
47%
sort
47%
tout
47%
besoin
41%
j’vis
41%
qu’aujourd’hui
41%
redessiner
41%
silence
41%
soupirs
41%
sourires
41%
j’veux
35%
m’aide
35%
qu’on
35%
repères
35%
retrouver
35%
souvienne
35%
s’arrête
24%
Aucun quiz correspondant
Distribution des résultats
% des personnes avec chaque résultat
Percentile par nombre de réponses
Votre historique - résultats
Vous n’avez pas pris ce quiz